000 00828 a2200217 4500
003 OSt
005 20260306154749.0
008 260306b |||||||| |||| 00| 0 eng d
020 _a9788196304362 (hbk )
037 _cTB
040 _aCRL
_bpun
_cCRL
041 _apun
245 _aਬਾਤਾਂ ਪੰਜ ਪਾਣੀਆਂ ਦਾ ਰਾਜਾ :ਮਹਾਰਾਜ ਰਣਜੀਤ ਸਿੰਘ
246 _aBatan Panj Paniyan da raja: Maharaja Ranjit Singh / Shah Muhamad
260 _aPatiala, India:
_bShah Kitab Ghar,
_c2023.
600 _aHistory
_91128121
600 _aMaharaja Ranjeet Singh
_91128122
700 _aਸ਼ਾਹ ਮੁਹੱਮਦ
_eEditor
_91128123
942 _cTB
_2CC
_hV243y7L80 153R3
999 _c1465270
_d1465270